| 000 | 00536nam a22001577a 4500 | ||
|---|---|---|---|
| 003 | NUST | ||
| 038 | _aNusrat Nadeem | ||
| 082 | _a200 | ||
| 100 |
_aLodhi, Annam Khawer _9130160 |
||
| 245 |
_aGendered Cyber Harassment Against Women in Pakistan on Twitter (X) – A Mixed Method Study/ _cAnnam Khawer Lodhi, |
||
| 264 |
_aIslamabad: _bS3H NUST. _c2025. |
||
| 650 |
_aMS-Development Studies _9123041 |
||
| 700 |
_aSupervisor: Dr. Ume Laila _9120249 |
||
| 856 | _u http://10.250.8.41:8080/xmlui/handle/123456789/53833 | ||
| 942 |
_2ddc _cSC |
||
| 999 |
_c614683 _d614683 |
||